Central Library OPAC University of Rajshahi

The D.A.'s man / (Record no. 76618)

MARC details
000 -LEADER
fixed length control field 00739nam a2200265 a 4500
001 - CONTROL NUMBER
control field 76618
003 - CONTROL NUMBER IDENTIFIER
rucl marc code BD-RjUL
005 - DATE AND TIME OF LATEST TRANSACTION
control field 20211209082851.0
008 - FIXED-LENGTH DATA ELEMENTS--GENERAL INFORMATION
fixed length control field 191226s1961 enk 00000 eng d
035 ## - SYSTEM CONTROL NUMBER
System control number (BD-RjUL)76842
System control number 1039136
040 ## - CATALOGING SOURCE
Original cataloging agency ANL
Language of cataloging eng
Modifying agency SL
Transcribing agency BD-RjUL
041 ## - LANGUAGE CODE
Language code of text/sound track or separate title eng
082 ## - DEWEY DECIMAL CLASSIFICATION NUMBER
Edition number 23
Classification number 364.97471
Author mark and year DAD 1961
100 1# - MAIN ENTRY--PERSONAL NAME
Personal name Danforth, Harold R.
9 (RLIN) 236923
245 14 - TITLE STATEMENT
Title The D.A.'s man /
Statement of responsibility, etc. Harold R. Danforth, James D. Horan.
250 ## - EDITION STATEMENT
Edition statement Ace Books ed.
260 ## - PUBLICATION, DISTRIBUTION, ETC. (IMPRINT)
Place of publication, distribution, etc. London :
Name of publisher, distributor, etc. Ace Books,
Date of publication, distribution, etc. 1961
300 ## - PHYSICAL DESCRIPTION
Pagination 348 p. ;
Size 18 cm.
600 10 - SUBJECT ADDED ENTRY--PERSONAL NAME
Personal name Danforth, Harold R.
650 #0 - SUBJECT ADDED ENTRY--TOPICAL TERM
Topical term or geographic name as entry element Crime
Geographic subdivision New York (N.Y.)
9 (RLIN) 236924
700 1# - ADDED ENTRY--PERSONAL NAME
Personal name Horan, James David,
Dates associated with a name 1914-
942 ## - ADDED ENTRY ELEMENTS (KOHA)
Source of classification or shelving scheme Dewey Decimal Classification
Koha item type Books
Holdings
Lost status Source of classification or shelving scheme Damaged status Not for loan Collection code Permanent Location Current Location Shelving location Date acquired Total Checkouts Full call number Date last seen Copy number Koha item type
  Dewey Decimal Classification   Not For Loan Non-fiction Central Library, University of Rajshahi Central Library, University of Rajshahi Reading Room 31/07/1991   364.97471 DAD 1961 26/12/2019 C-1 Books